|
|
|
|
| LEADER |
01311nam a2200325 a 4500 |
| 001 |
17613 |
| 003 |
BD-DhAAL |
| 005 |
20140521162043.0 |
| 008 |
140521s1997 nyua b 100 0 eng |
| 010 |
|
|
|a 96041590
|
| 020 |
|
|
|a 0415915414 (pb)
|
| 020 |
|
|
|a 0415915406 (hb)
|
| 040 |
|
|
|a DLC
|c DLC
|d DLC
|d BD-DhAAL
|
| 050 |
0 |
0 |
|a HQ1106
|b .T73 1997
|
| 082 |
0 |
0 |
|a 305.42
|2 20
|
| 245 |
0 |
0 |
|a Transitions, environments, translations :
|b feminisms in international politics /
|c edited by Joan W. Scott, Cora Kaplan, Debra Keates.
|
| 260 |
|
|
|a New York :
|b Routledge,
|c 1997.
|
| 300 |
|
|
|a 412 p. :
|b ill. ;
|c 26 cm.
|
| 500 |
|
|
|a Revised papers from a conference held April 1995 at Rutgers University.
|
| 504 |
|
|
|a Includes bibliographical references.
|
| 541 |
|
|
|e 17613
|
| 650 |
|
0 |
|a Feminism
|x Congresses.
|9 4614
|
| 700 |
1 |
|
|a Scott, Joan Wallach.
|9 4615
|
| 700 |
1 |
|
|a Kaplan, Cora.
|9 4616
|
| 700 |
1 |
|
|a Keates, Debra.
|9 4617
|
| 852 |
|
|
|a Ayesha Abed Library
|b ENH
|
| 856 |
4 |
2 |
|3 Publisher description
|u http://www.loc.gov/catdir/enhancements/fy0651/96041590-d.html
|
| 942 |
|
|
|2 ddc
|c BK
|
| 999 |
|
|
|c 14361
|d 14361
|
| 952 |
|
|
|0 0
|1 0
|2 ddc
|4 0
|6 305_420000000000000_TRA
|7 0
|9 24343
|a BRACUL
|b BRACUL
|c GEN
|d 2014-05-21
|l 0
|o 305.42 TRA
|p 3010017613
|r 2018-05-25
|t 1
|w 2014-05-21
|y BK
|x Transferred from ENH to Ayesha Abed library on 20/12/2023
|